000 00654nam a2200193Ia 4500
008 151121s9999||||xx |||||||||||||| ||und||
082 _a920/जाधव
082 _bHNW-69962
100 _aजाधव नरेंद्र
245 _aआमचा बाप आन आम्ही
260 _b"ग्रंथाली प्रकाशन,मुंबई।"
260 _c--
300 _a230
600 _aजाधव नरेंद्र
630 _aआमचा बाप आन आम्ही
700 _aजाधव नरेंद्र
730 _aआमचा बाप आन आम्ही
942 _cBOOK
999 _c1251440
_d1251437